| 000 | 00394nam a2200145Ia 4500 | ||
|---|---|---|---|
| 008 | 231129s2004||||xx |||||||||||||| ||spa|| | ||
| 020 | _a958-04-7821-X | ||
| 040 | _bspa | ||
| 082 | _a658.8 C997m | ||
| 100 | _aCyr Donald | ||
| 245 | 0 | _aMarketing en la pequeña y mediana empresa | |
| 260 | _c2004 | ||
| 264 | _aGrupo Editorial Norma | ||
| 942 |
_2ddc _cBKS |
||
| 999 |
_c20682 _d20682 |
||